Super Trouper - ABBA Lyrics (Mamma Mia Movie) - Statistics

General Stats
  • This quiz has been taken 100 times
  • The average score is 185 of 216
Answer Stats
% Correct
like
100%
me
100%
Chorus | Intro | Outro Super
100%
Trouper,
100%
Trouper
100%
a
98%
gonna
98%
So
98%
so
98%
the
98%
The
98%
I
96%
in
96%
there
96%
you
96%
always
95%
are
95%
do
95%
feel
95%
find
93%
somewhere
91%
there's
91%
when
91%
and
89%
And
89%
crowd
89%
lights
89%
Lights
89%
to
89%
was
89%
be
87%
night
87%
blue
85%
blue,
85%
'Cause
85%
but
84%
every
84%
Glasgow
84%
last
84%
on
84%
tonight
84%
Tonight
84%
won't
84%
of
82%
from
80%
everything
78%
shining
78%
All
76%
is
76%
show
76%
tired
76%
your
76%
called
75%
feeling
73%
fun,
73%
I'll
73%
I'm
73%
number
73%
one
73%
sick
73%
sun,
73%
having
71%
sing
71%
sleep,
69%
smiling
69%
smiling,
69%
stage
69%
Wishing
69%
arms
67%
it's
67%
alright
65%
blind
65%
eat,
65%
arrive
62%
hold
62%
hear
60%
beams
58%
Beams
58%
much
58%
alive
56%
different
56%
still
56%
Suddenly
56%
you're
56%
glad
55%
know
55%
tight
55%
coming
53%
mean
53%
take
53%
will
49%
sight
45%
imagine
36%
prove
36%
No matching quizzes found
Score Distribution
Percent of People with Each Score
Percentile by Number Answered
Your Score History
You have not taken this quiz